000 01089nam a2200205 a 4500
008 190531r19992003a ||||gr|||| 001 f sp d
020 _a9505114761
041 _aspa
092 _c808
_l75
_sROL
100 1 _aRoldán, Elisa
_94021
245 _aHeredera de un secreto /
_cElisa Roldán.
250 _a1a ed. 5a. reimp.
_bIl. Patricia García Silva.
260 _aBuenos Aires:
_bAlfaguara;
_c2003.
300 _a175 p.
500 _aRoldán, E. (2003). Heredera de un secreto. (1a ed.). Buenos Aires : Alfaguara.
505 _aUna familia, que hereda una antigua casona en el barrio de Flores, se instala con una intención de reciclarla. Cuando los padres viajan a Ushuaia y las tres hijas se quedan solas, comienzan a suceder cosas extrañas en la casa. Carolina, una de las chicas, con su mente imaginativa y fabuladora, es testigo de raros acontecimientos. Entonces pone en marcha una investigación que la convertirá en la genuina heredera de un secreto.
590 _aProyecto 4to libro. Donación Julia Cabanne, mayo 2019.
655 _aLiteratura
_92917
942 _2ddc
_cLIT
999 _c3002
_d3002